000 01591nam a2200433 i 4500
001 100492
003 FINmELB
005 20241217173044.0
006 m o d |
007 cr cnu||||||||
008 200110s2018 sp a o 000 0 spa d
020 _a9788436839036
_q(e-book)
020 _z9788436839029
035 _a(OCoLC)1139492136
040 _aFINmELB
_bspa
_erda
_cFINmELB
050 4 _aLB1062
_b.M491 2018
080 _a159.955
080 _a159.954.4
082 0 4 _a153.35
_223
100 1 _aMedina, Agustín.
245 1 0 _aIdeas para tener ideas :
_bcómo ser creativo sin tener una pizca de imaginación /
_cAgustín Medina.
264 1 _aMadrid :
_bPirámide,
_c2018.
300 _a1 recurso en línea (99 páginas) :
_bilustraciones
336 _atexto
_btxt
_2rdacontent/spa
337 _acomputadora
_bc
_2rdamedia/spa
338 _arecurso en línea
_bcr
_2rdacarrier/spa
490 1 _aColección "Empresa y gestión"
588 _aDescripción basada en metadatos suministrados por el editor y otras fuentes.
590 _aRecurso electrónico. Santa Fe, Arg.: elibro, 2020. Disponible vía World Wide Web. El acceso puede estar limitado para las bibliotecas afiliadas a elibro.
650 0 _aCreative thinking.
650 0 _aCreation (Literary, artistic, etc.)
650 4 _aPensamiento creativo.
650 4 _aCreatividad.
655 4 _aLibros electrónicos.
797 2 _aelibro, Corp.
830 0 _aColección "Empresa y gestión".
856 4 0 _uhttps://elibro.net/ereader/politecnicointernacional/123080
999 _c100492
_d100492